| 000 | 00764nam a2200289Ia 4500 | ||
|---|---|---|---|
| 005 | 20260324112744.0 | ||
| 008 | 008 260324s9999 xx 000 0 eng d | ||
| 020 | _a9781003390671 | ||
| 037 | _aEBOOK | ||
| 040 | _aCRL | ||
| 040 | _beng | ||
| 040 | _cCRL | ||
| 041 | _2eng | ||
| 041 | _aeng | ||
| 084 | _qCRL | ||
| 100 |
_aMichael Saren; N. Craig Smith; Rohit Varman; Louise M. Hassan; Emma Surman; Miriam McGowan _91144014 |
||
| 245 | 0 | _aResponsible Marketing for Well-being and Society | |
| 245 | 2 | _bA Research Companion | |
| 260 | _bTaylor and Francis | ||
| 260 | _c2024 | ||
| 365 | _a | ||
| 365 | _b240 | ||
| 856 | _uhttp://www.taylorfrancis.com/books/9781003390671 | ||
| 942 | _cEBOOK | ||
| 999 |
_c1733345 _d1733345 |
||